[Event "RUS-ch51"]
[Site "St Petersburg"]
[Date "1998.08.03"]
[Round "7"]
[White "Poluljahov, Aleksandr"]
[Black "Ulybin, Mikhail"]
[Result "1-0"]
[WhiteElo "2530"]
[BlackElo "2555"]
[Annotator "Stohl,I"]
[PlyCount "113"]
[EventDate "1998.07.28"]
[EventType "swiss"]
[EventRounds "11"]
[EventCountry "RUS"]
[SourceTitle "CBM 067"]
[Source "ChessBase"]
[SourceDate "1998.11.30"]
[SourceVersion "2"]
[SourceVersionDate "1998.11.01"]
[SourceQuality "1"]

1. c4 c5 2. Nf3 Nf6 3. Nc3 e6 4. g3 b6 5. Bg2 Bb7 6. O-O d6 7. Re1 Be7 8. e4 a6
9. d4 cxd4 10. Nxd4 Qc7 11. Be3 O-O 12. Rc1 Re8 13. f4 Bf8 ({One round later
Ulibin tried} 13... Nbd7 14. f5 ({Nowadays more popular is} 14. Bf2 $5 Bf8 (
14... g6 15. e5 dxe5 16. fxe5 Nh5 17. Nd5 $1 exd5 18. cxd5 Nc5 19. b4 Bg5 20.
bxc5 Bxc1 21. c6 Bxc6 22. d6 Ba4 23. dxc7 Bxd1 24. Rxd1 Bg5 25. Bxa8 Rxa8 26.
Nc6 Rc8 27. Bxb6 Be3+ 28. Bxe3 Rxc7 29. Bh6 {1-0,Summerscale,A-Grant,J/4NCL/
1998/}) 15. Qe2 e5 16. Nd5 Qd8 17. fxe5 Rxe5 18. Be3 Re8 19. Nf5 Rc8 20. Qd2
Ba8 21. Bd4 h6 22. b3 b5 23. Qf4 Bxd5 24. exd5 Rxe1+ 25. Rxe1 bxc4 26. Bh3 $1
$44 {Wojtkiewicz,A-Kersten,U/Bad Zwesten op/1998/}) {The best move probably is}
14... Bd8 $5 ({A well-known mistake is} 14... Bf8 $2 15. fxe6 fxe6 16. Bh3 $1
Nc5 17. b4 $1 Ncxe4 18. Nxe4 Nxe4 19. Nxe6 Qd7 20. Ng5 Qe7 21. Be6+ Kh8 22. Qh5
Nf6 23. Qh3 Bc8 24. Bd4 Qc7 25. Qf5 $40 {Kengis,E-Aagaard,J/Gistrup/1997/}) (
14... Nf8 15. fxe6 fxe6 16. Bh3 Bd8 17. Bf2 N6d7 18. Nce2 Nc5 19. Nc3 Bf6 $6
20. b4 Ncd7 21. Nd5 $1 exd5 22. cxd5 Nc5 23. bxc5 bxc5 24. Qa4 Bxd4 25. Bxd4
Qf7 26. Bc3 Bc8 27. Bxc8 Rexc8 28. e5 $36 {Libeau,R-Stickler,A/BL/1993/}) (
14... e5 15. Nd5 Qd8 16. Nb3 (16. Nc2 Rc8 17. Ncb4 Nxd5 18. exd5 Bg5 19. Qd2
Bxe3+ 20. Qxe3 Nc5 21. Rf1 Qf6 22. Be4 Rc7 23. Rc2 Rec8 24. Nd3 Nxd3 25. Qxd3
b5 26. Rfc1 Qd8 $132 {Oms,J-Agnos,D/Manresa op/1995/}) 16... Rc8 (16... h6 17.
h4 Rc8 18. Qe2 Nxd5 19. cxd5 Rxc1 20. Rxc1 Qb8 21. Qf2 Rc8 22. Rf1 Rc4 23. g4
Nf6 24. Qe2 Rxe4 25. g5 hxg5 26. hxg5 Rxe3 27. Qxe3 Nxd5 28. Bxd5 Bxd5 29. f6
Bf8 $13 {Kern,G-Spielmann,A/Budapest FS07 IM/1994/}) 17. Bf3 b5 18. Nxe7+ Qxe7
19. cxb5 Rxc1 20. Bxc1 axb5 21. Qd3 Rb8 22. Bg2 b4 23. h3 d5 24. exd5 Qd6 25.
Kh2 Bxd5 26. Rd1 e4 27. Qd4 Qf8 28. Bf4 Rc8 29. g4 $14 {[%csl Gf4,Gg2] ^^,
Loginov,V-Ulibin,M/RUS51-ch/1998/}) 15. b3 $6 (15. fxe6 fxe6 16. Bh3 Nf8 {
-14...Nf8}) 15... Rc8 16. g4 Nc5 17. fxe6 fxe6 18. Bf2 h6 19. Bg3 Ncd7 20. h3
Qb8 21. Qd2 Ne5 22. Kh1 Nfd7 23. Rc2 Bg5 24. Qd1 Ng6 25. Rf1 Nde5 26. Nf3 Bf4
27. Nxe5 Bxe5 28. Qd3 Rf8 $17 {Goemann,J-Krallmann,M/Kassel op/1996/}) 14. f5 (
14. Bf2 $5) 14... h6 $5 $146 (14... Nbd7 $2 {-13...Nbd7 14.f5 Bf8?}) (14...
exf5 15. Nd5 $1 Bxd5 16. cxd5 Qb7 17. exf5 Nbd7 18. Nc6 g6 19. Qf3 Bg7 20. Bf4
Bf8 21. Bg5 Bg7 22. fxg6 hxg6 23. Rf1 Ne5 24. Nxe5 Rxe5 25. Bf4 $16 {Vaganian,
R-Bischoff,K/GER-CupT f/1998/}) 15. g4 (15. fxe6 fxe6 16. Bh3 Qf7 $11 {
releases the tension too early.}) (15. Bh3 $6 e5 16. Nd5 Qd8 {[%csl Re4] ><e4})
15... Nbd7 16. fxe6 (16. h4 $6 Ne5 17. g5 Nfg4 $36) 16... fxe6 17. g5 hxg5 18.
Bxg5 Nh7 19. Bh4 Ne5 20. Rf1 Bc8 (20... Nxc4 21. b3 $1 Ne3 22. Nd5 Nxd1 23.
Rxc7 exd5 24. Rxd1 $16) 21. Bh3 Qxc4 $6 {Although this leads to an original
material balance, White will certainly be happy to have the active extra Q in
the arising position.} (21... g6 $142 $5 22. Nce2 Bh6 23. Rc3 Ng5 $13) 22. Nd5
exd5 23. Rxc4 Bxh3 {The R on the 7-th rank will be very dangerous and it's
exchange will cost Black his central pawns.} (23... dxc4 $142 $5 {[%csl Gd3]
creates an important outpost on d3 and gives Black more counterchances.} 24.
Bf5 $5 g6 25. Bxc8 Raxc8 26. Qa4 $36) (23... Nxc4 24. Bf5 $1 Bxf5 (24... Ne3 $2
25. Bxh7+ Kh8 26. Qh5 Bg4 27. Qg5 Nxf1 (27... Kxh7 28. Qxe3 Rxe4 29. Qf2 $18)
28. Qxg4 $18) 25. Nxf5 Re5 (25... dxe4 $2 26. Qd5+ $18) 26. b3 $18) 24. Rc7
Bxf1 25. Kxf1 dxe4 26. Nf5 Rac8 (26... Nf3 $5 27. Qd5+ Kh8 28. Bg3 $16 {->})
27. Rxc8 Rxc8 28. Nxd6 Bxd6 $8 (28... Rc5 29. Nxe4 Rc7 30. Bf2 $18) 29. Qxd6 {
Although formally material is about equal, Black's pieces are too
uncoordinated to give him drawing chances.} Nf7 30. Qe6 (30. Qxb6 $142 $1 Nf8 (
30... Rc1+ 31. Ke2 Rc2+ 32. Ke3 Rxh2 $2 33. Qb8+ $18) (30... g5 31. Be1 {
[%csl Ra6,Re4,Rg8] ><a6,e4,Kg8}) 31. Qxa6 Rc2 32. b4 Rxh2 33. Bg3 $18 {[%csl
Ga2,Gb4] o^a,b}) 30... Rc1+ 31. Ke2 Nf8 (31... Rc2+ $2 32. Kd1 Rxb2 33. Qe8+
Nf8 34. Be7 $18) 32. Qxe4 Rc5 33. Bg3 Rb5 34. b3 a5 35. Qc6 (35. Kd3 $5 Rb4 36.
Qd5 $18 (36. Qe8 $5)) 35... Rc5 36. Qxb6 Rc2+ 37. Kd3 Rxa2 38. Qb5 Ne6 39. Kc3
g6 40. Qe8+ Nf8 41. Bc7 Ng5 42. Qe5 Nf7 43. Qb5 Kg7 44. h4 $18 {[%csl Ra5] Now
the Pa5 falls and the two clumsy N can't stop the o^b anymore, Black has only
a few tricks.} Ne6 45. Bxa5 Rc2+ $5 46. Kd3 (46. Kxc2 $2 Nd4+) 46... Rc5 47.
Bc3+ $1 Kh6 (47... Kh7 48. Qd7 $1 Rd5+ 49. Qxd5 Nf4+ 50. Ke4 Nxd5 51. Kxd5 $18
{[%csl Gb3] o^b}) 48. Qe8 Nf4+ 49. Kc2 Rf5 $8 (49... Nd5 50. Qf8+ $18) (49...
Rc7 50. Qe3 g5 51. Qb6+ $18) 50. b4 Nd5 51. b5 Nxc3 52. Kxc3 Rf3+ (52... Kg7
53. b6 {and Black can't give his N for the b-pawn.} Nd6 $2 54. Qd7+ Nf7 55. b7
$18) 53. Kd2 Kg7 54. b6 Rb3 55. Qc6 Ne5 56. Qc7+ Kf6 57. b7 1-0

[Event "Pamplona"]
[Site "Pamplona"]
[Date "1999.12.29"]
[Round "3"]
[White "Illescas Cordoba, Miguel"]
[Black "Gelfand, Boris"]
[Result "1/2-1/2"]
[WhiteElo "2600"]
[BlackElo "2713"]
[Annotator "Stohl,I"]
[PlyCount "81"]
[EventDate "1999.12.27"]
[EventType "tourn"]
[EventRounds "9"]
[EventCountry "ESP"]
[EventCategory "15"]
[SourceTitle "CBM 075"]
[Source "ChessBase"]
[SourceDate "2000.04.05"]
[SourceVersion "1"]
[SourceVersionDate "2000.04.05"]
[SourceQuality "1"]

1. Nf3 Nf6 2. c4 b6 3. g3 c5 4. Bg2 Bb7 5. O-O g6 6. Nc3 Bg7 7. d4 cxd4 8. Qxd4
d6 9. Rd1 Nbd7 10. Be3 (10. b3 O-O 11. Bb2 Rc8 12. Rac1 a6 (12... Rc5 $5) 13.
Qd2 Rc7 14. Ne1 Bxg2 (14... Qa8 $142 15. Bxb7 Qxb7 16. Ng2 b5 $132) 15. Nxg2
Qa8 16. Ne3 Re8 17. Ncd5 Rc6 18. a4 Qb7 19. Bd4 Rcc8 20. Nxf6+ Bxf6 21. Nd5
Bxd4 22. Qxd4 Qc6 23. Qh4 f6 24. Rc3 $16 {Kramnik,V-Polgar,J/Dos Hermanas/1999/
}) 10... a6 11. Rac1 Rc8 12. b3 O-O 13. Qh4 Rc7 14. Ne1 $146 {[%csl Gd5][%cal
Ye1g2,Yg2f4,Yf4d5] An interesting new try, which is not as innocuous, as it
seems. Compared to typical hedgehog positions with the P on e6 here the
d5-square is quite vulnerable, as e6 still requires preparation. And White's
Ne1 is aiming for d5. Illescas was possibly inspired by the abovementioned
game Kramnik-J.Polgar.} (14. Bh3 Qb8 15. Bh6 b5 $1 $132 {1/2,Gelfand,B-Topalov,
V/Batumi EU-chT/1999/}) (14. g4 $6 h6 15. h3 g5 16. Qg3 b5 $1 17. h4 bxc4 18.
hxg5 hxg5 19. b4 Qa8 20. Bxg5 Re8 21. Be3 Nf8 22. a4 Ne4 23. Nxe4 Bxe4 24. Bd4
Bxf3 25. Bxf3 Qb8 26. Bd5 Qxb4 27. Bxg7 Kxg7 28. Qf4 e6 $11 {Kramnik,V-Karpov,
A/Dos Hermanas/1999/}) 14... Bxg2 (14... Qa8 $5 15. Bh3 $5 {[%csl Rb6][%cal
Rh3d7] /\Bd7!,Na4} (15. Bxb7 Qxb7 16. Ng2 b5 17. Nf4 (17. cxb5 axb5 18. Qb4 Rb8
19. Nf4 Ne5 $11) 17... e6 $1 (17... bxc4 18. Ncd5 Nxd5 19. Nxd5 Bf6 20. Bg5 $5
$16) 18. cxb5 (18. Rxd6 b4 $1 19. Na4 Ne4 $15 {[%csl Rd6][%cal Rg6g5] /\g5})
18... axb5 $36 {[%cal Rc7c3,Rf6e4,Rg6g5] /\Rc3,Ne4,g5}) (15. Nd5 Nxd5 16. cxd5
Bf6 17. Qb4 Rxc1 18. Bxc1 Rc8 $132)) 15. Nxg2 Re8 16. Nf4 Qb8 17. Nfd5 $14 {
White has achieved his plan.} Rcc8 18. Bg5 (18. Bd4 b5 $132) (18. a4 $5 e6 19.
Nxf6+ Bxf6 20. Bg5 $14) 18... Qb7 (18... b5 19. cxb5 axb5 20. Qb4 $36 {[%csl
Rb5] ><b5}) 19. a4 Kh8 $1 {Moves out of the possible Ne7 fork.} 20. g4 {
[%cal Rd1d3,Rd3h3] /\Rd3-h3->} Nxd5 21. Nxd5 e6 22. Nf6 (22. Ne7 Rc7 23. Rxd6
a5 $5 24. Rcd1 Nf8 $13 {would be unclear, as White's N has no retreat and
Black can capture it at the most suitable moment.}) (22. Ne3 d5 $11) 22... Nxf6
23. Bxf6 d5 $1 $11 24. Rc3 Bxf6 (24... dxc4 $4 25. Rh3 $18) 25. Qxf6+ Kg8 26.
Rcd3 Qe7 {By exchanges Black has managed to ease the pressure.} 27. Qxe7 Rxe7
28. cxd5 exd5 29. Rxd5 (29. e3 Re4 30. h3 Rb4 $11) 29... Rxe2 30. Rd8+ Rxd8 31.
Rxd8+ Kg7 32. Rd6 Re4 $5 ({Even the P_|_ was drawn, perhaps Black was short of
time and didn't want to risk some miscalculation.} 32... Re6 33. Rxe6 fxe6 34.
g5 (34. f4 e5 $1 35. fxe5 Kf7 $11) 34... e5 35. Kg2 Kf7 36. Kf3 Ke6 37. Ke4 a5
$11 {/\Kd6-e6-d6}) 33. Rxb6 Rxg4+ 34. Kf1 Rh4 (34... a5 $2 35. Rb5 $18 {
[%csl Ga4,Gb3] o^a,b}) 35. a5 (35. Kg2 Rd4 {/\Rd3=} 36. Rxa6 Rb4 $11) 35... Rh3
$1 $11 36. b4 Rb3 37. Ke2 g5 38. Kf1 {White doesn't want to risk the
consequences of the double-edged} (38. Kd2 h5 39. Kc2 $6 Rh3 $1 40. Rxa6 Rxh2
41. b5 Rxf2+ 42. Kc3 h4 (42... Rf3+ $11) 43. b6 h3 44. b7 h2 45. Rh6 $5 Rf3+
46. Kc4 Rf4+ 47. Kc3 Kxh6 48. b8=Q Rh4 49. Qh8+ Kg6 50. Qg8+ Kf6 51. Qd8+ $11)
38... h5 39. Rxa6 Rxb4 40. Rb6 Ra4 41. a6 (41. a6 g4 $11) 1/2-1/2

[Event "Griesheim GM 3rd"]
[Site "Griesheim"]
[Date "2003.01.29"]
[Round "1"]
[White "Agrest, Evgenij"]
[Black "Kunin, Vitaly L"]
[Result "1-0"]
[WhiteElo "2574"]
[BlackElo "2476"]
[Annotator "Stohl,I"]
[PlyCount "63"]
[EventDate "2003.01.29"]
[EventType "tourn"]
[EventRounds "9"]
[EventCountry "GER"]
[EventCategory "11"]
[SourceTitle "CBM 094"]
[Source "ChessBase"]
[SourceDate "2003.05.26"]
[SourceVersion "1"]
[SourceVersionDate "2003.05.26"]
[SourceQuality "1"]

{[%mdl 1]} 1. Nf3 b6 2. g3 Bb7 3. Bg2 Nf6 4. O-O g6 5. d4 c5 6. c4 cxd4 7. Qxd4
Bg7 8. Nc3 O-O $6 {Practice has already shown rather convincingly this is
inaccurate. The standard move in this position is} (8... d6 {/\} 9. Qh4 $6 h6
$1 $11 {[%csl Rh4] ףh4}) 9. Qh4 $1 $14 {Now Black can prevent Bh6 with an
advantageous exchange of the Bg7 only by a positional concession.} d6 (9... h5
10. Bg5 d6 11. Rfd1 {[%cal Rc3d5] /\Nd5+/-,|^[+]}) (9... Re8 10. Bh6 Bh8 11.
Rfd1 d6 12. Rac1 Nbd7 13. Be3 $14 Bg7 $6 14. b3 Rc8 15. Bh3 $36 {Here Black is
a tempo down compared with the normal position from the 8...d6 line.} Qc7 $6
16. Nd4 Ba8 17. Nd5 Qb7 18. Bg2 Qb8 19. Bh6 Bh8 20. Bg5 Bg7 21. e4 Bb7 22. Bh3
Rcd8 23. f3 Nxd5 24. cxd5 Bxd4+ 25. Rxd4 f6 26. Bd2 $16 {/+-,Velikov,P-Beck,S/
Regensburg/1996/}) 10. Bh6 {Consistent. Here White plays Bh6 in one move,
winning time in comparison with 8...d6 lines, where he often plays Be3-h6
later on.} Nbd7 11. Rac1 (11. Rad1 Rc8 12. Bxg7 (12. b3 Rc5 13. Ng5 Bxg2 14.
Kxg2 Nh5 15. Bxg7 Kxg7 16. Nge4 Re5 17. Rd5 Rxd5 18. Nxd5 e6 19. Qxd8 Rxd8 20.
Ne3 Nc5 21. Nc3 Nf6 22. Kf3 Kf8 23. Rd1 Ke7 24. Rd4 a6 $11 {Salov,V-Mascarinas,
R/Manila izt/1990/}) 12... Kxg7 13. Qd4 a6 14. Nd2 $5 Bxg2 15. Kxg2 Ne5 (15...
Kg8 $142 $14 {/\} 16. Nd5 b5 $132) 16. Nd5 $36 Nxd5 17. cxd5 Kg8 18. Rc1 {
[%csl Rc6][%cal Gc1c8] ><c6} Nd7 19. e4 Re8 20. b4 a5 21. a3 axb4 22. axb4 b5
23. Nb3 Qb6 24. Qxb6 Nxb6 25. Nd4 $16 {Smejkal,J-Mateo,R/Dubai/1986/ In our
game White's R will be even better placed for the opening of the <->c.}) ({
Also promising is} 11. b3 Rc8 12. Bxg7 Kxg7 13. Qd4 Kg8 14. Rac1 Rc5 $5 15. b4
Rc8 16. a3 Re8 17. e4 Qc7 18. Nd5 Qb8 19. Bh3 Rcd8 20. Nd2 Ba8 21. Bg2 a6 22.
Nb3 Rc8 23. f4 Rcd8 24. Kh1 Nh5 {Kramnik,V-Adams,M/Biel izt/1993/} 25. Qd3 $14
{()}) 11... Rc8 12. b3 a6 $146 {A novelty, but hardly an improvement. This
move costs Black time and weakens the <<.} ({Black is closer to equality with} 
12... Rc5 $142 13. Bxg7 (13. Ng5 Bxg2 14. Kxg2 Qa8+ 15. Kg1 Re8 16. Rfd1 Bh8
17. b4 Rc7 18. Nf3 a6 19. Nd5 $11 {1/2, Znamenacek,K-Ramik,Z/CS-chT/1991/})
13... Kxg7 14. Rfd1 (14. Qd4 Qa8 15. Rfe1 (15. Ne1 Rd8 16. Bxb7 Qxb7 17. e4 Qc8
18. Nd3 Ne5 19. f4 Nxd3 20. Qxd3 Kg8 21. Rce1 Rh5 22. Nd5 Qc5+ 23. Kg2 Nxd5 24.
exd5 Qc8 25. h4 e6 26. dxe6 fxe6 27. Qe4 Kf7 28. Rf2 d5 $11 {Andersson,
G-Ikonic,B/SWE-chT/2001/}) (15. Rfd1 {-14.Rfd1}) 15... Rfc8 16. e4 Kg8 17. Rcd1
b5 18. Nxb5 Bxe4 19. Re3 $13 Ne5 20. Rxe4 $8 Qxe4 21. Qxe4 Nxe4 22. Nfd4 d5 (
22... f5 $142 $13) 23. Nxa7 Ra8 24. Ndb5 Rxb5 25. Nxb5 Rxa2 26. Bxe4 dxe4 27.
Nc3 Rd2 $2 28. Rxd2 Nf3+ 29. Kg2 Nxd2 30. c5 $18 {Andersson,U-Sjoberg,M/Malmo/
1994/}) 14... Qa8 15. Qd4 Kg8 (15... Rfc8 $143 16. Ne1 Bxg2 17. Nxg2 a6 18. Ne3
b5 19. Ncd5 e5 20. Qh4 Nxd5 21. Nxd5 bxc4 22. Rxc4 Rxc4 23. bxc4 Qc6 24. Ne7
Qa4 25. Rxd6 Rxc4 26. Qg5 f6 27. Nf5+ Kf7 28. Qd2 gxf5 29. Rxd7+ Kg6 30. h4 $40
{Akopian,V-Lesiege,A/Cappelle la Grande/1999/}) 16. Ne1 $1 Bxg2 17. Nxg2 Re8
18. Ne3 Qc8 19. Ncd5 Nxd5 20. Nxd5 $14 b5 $6 21. Qe3 $1 $36 {/\} (21. Qh4 f6
22. Qe4 Kf7 23. Ne3 Nb6 $11 {Lobron,E-Huebner,R/Munich/1994/}) 21... e6 22. Nc3
$16) (12... Bxf3 13. Bxf3 Ne5 14. Bg2 Bxh6 15. Qxh6 e6 16. Rfd1 Qe7 17. Qd2
Rfd8 18. Qb2 Nc6 19. Rd2 Ne8 20. h4 f5 21. e3 Ne5 22. Qa3 Rc5 23. Na4 Rc7 24.
Rcd1 Kf7 25. Nc3 $14 {/+/-,Davies,N-De Boer,G/Lisbon/1986/}) 13. Bxg7 Kxg7 14.
Qd4 Kg8 (14... Rc5 15. b4 $36 {is similar to Kramnik-Adams above.}) 15. Nd5 ({
A patient move like} 15. Rfd1 $5 $14 {deserves attention.}) (15. e4 b5 $5 16.
cxb5 axb5 17. Nd2 Qa5 $13 {/+/=}) 15... Bxd5 $2 (15... e5 16. Nxf6+ Nxf6 17.
Qe3 $14) (15... b5 $142 $5 $132) (15... Nxd5 16. cxd5 Rc5 17. e4 Qc7 18. Qe3
Rc8 19. Rxc5 Qxc5 20. Nd4 {/\Bh3+/=}) 16. cxd5 Rc5 17. b4 $1 {[%mdl 64] This
excellent sacrifice gives White control over the <->c and play against Black's
displaced R. White can convert his strategical advantage only in this tactical
way, otherwise Black has sufficient <=>.} (17. e4 Qc7 $11) (17. Rxc5 bxc5 18.
Qd2 (18. Qd3 Qa5 $11) 18... Nb6 $132) 17... Rxd5 18. Qb2 $36 {[%csl Rd5][%cal
Gc1c8,Rf3d4,Rd4c6] /\Nd4-c6} Rh5 (18... e5 19. Nd2 Rd4 20. e3 Rg4 (20... Rd3 $2
21. Qc2 $18) 21. h3 Rg5 22. Nf3 Rf5 23. g4 $16) 19. h3 {[%cal Rg3g4] /\g4} ({
The text is more forcing, than} 19. Nd4 $44 {|^}) 19... Ne5 (19... a5 20. a3 (
20. Nd4 $143 $6 axb4 21. Nc6 Qe8 22. Qxb4 Rc5 {gives the R a safe outpost.})
20... Ne5 21. Nd4 $16 {is similar to the game and no big help.}) 20. Nd4 {
[%cal Rf2f4,Rg3g4] /\f4,g4} d5 21. g4 Nexg4 $1 (21... Rh4 $143 22. Qb3 $1 {
[%cal Rb3g3] /\Qg3} (22. f4 Nc4 23. Rxc4 dxc4 24. Nf3 Rh6 25. g5 Rh5 26. gxf6
exf6 $14) 22... Ne4 (22... Qb8 23. f4 Nc4 24. Qg3 g5 25. Nf5 $18) 23. f4 Nd2 (
23... Nd7 24. Nc6 Qe8 25. Qxd5 Ng3 26. Rf2 $18 {[%csl Rh4] צh4}) 24. Qg3 e6
25. fxe5 Nxf1 26. Rxf1 $18 {[%cal Rf1f6] /\Rf6}) 22. hxg4 Nxg4 23. Qc3 {
The extra piece is worth more than the 3P, as Black has no dangerous o^ and
also White's K is relatively safe.} e5 (23... Qd6 24. Qc7 Qf6 (24... Qxb4 25.
Nc6 $18) 25. e3 e5 26. Rc6 $16 {->}) (23... e6 24. Qg3 Ne5 25. f4 Qh4 26. Qxh4
Rxh4 27. Nxe6 $16) 24. Nc6 $6 (24. Nf3 e4 25. Nd4 Qh4 26. Qg3 $14) (24. Qg3 $5
Nh2 25. Nc6 Nxf1 26. Kxf1 Qf6 27. Bxd5 $14) (24. Nc2 $5 {Covering e3 seems
passive, but it was probably the safest way to a solid edge.} Qh4 25. Qg3 $14)
24... Qg5 $2 (24... Qh4 25. Qg3 $8 Qxg3 26. fxg3 Ne3 27. Ne7+ (27. Rf6 Kg7 28.
Rd6 d4 $13 {/\Rg5}) 27... Kg7 28. Nxd5 Nxf1 29. Kxf1 Rg5 $132) 25. Qg3 e4 (
25... d4 $142 26. Bf3 $16 (26. Rc4 $5)) 26. e3 Rh4 27. Rfd1 {[%cal Rd1d5] /
\Rd5+-} f5 (27... Kg7 28. Rxd5 Qxd5 29. Qxh4 $18) 28. Rxd5 $18 Qh6 29. Rd8 {
Exchanges Black's last defensive piece.} Rxd8 30. Nxd8 g5 31. Qb8 f4 {[%cal
Rh4h1] /\Rh1 Black finally creates a threat, but White comes first.} (31... Qf8
32. Rc8 $18) 32. Nb7+ (32. Nb7+ Qf8 33. Rc8 $18) 1-0